LEADER 01196nam a2200277 u 4500 001 000000006940 003 CaOOAMICUS 005 20070226104929.0 008 941103s1955 gw a u000 u ger u 035 $a10181486 040 $aNNMM$bita$dNjR 100 1 $aSchmökel, Hartmut,$d1906-$0(OLS)http://pul/name/7041 245 10$aUr, Assur und Babylon :$bdrei Jahrtausende im Zweistromland /$cvon Hartmut Schmökel. 260 $aStuttgart :$bGustav Kilpper Verlag,$cc1955. 300 $a301 p. :$bill. ;$c27 cm 490 1 $aGro{BE}e Kulturen der Frühzeit ;$v[2.] 500 $aIncludes index. 504 $aBibliography: p. 291-294. 650 0$aCivilization, Assyro-Babylonian.$2//eng$0(OLS)http://pul/subject/6189 830 0$aGrosse Kulturen der Frühzeit ;$v[2.].$0(OLS)http://pul/title/10187 850 $aPUL 852 $aPUL$W1$xSL Religione 1$y3$m10(3) B 3$j9796$nBK-PRI$b $qStampati$B9796$CPULBib$Z2$F9796 $H $81 941 1 $a8 961 $aINV: 20234 996 $6245$aUr, Assur und Babylon :$bdrei Jahrtausende im Zweistromland$9(OLS)http://pul/title/10186 996 $6260$aStuttgart :$bGustav Kilpper Verlag$9(OLS)http://pul/publisher/51508 LEADER 01324nam a2200265 a 4500 001 000000143361 003 CaOOAMICUS 005 20150518140405.0 008 150518s1969 pl u000 u pol r 040 $aPUL$bita 100 1 $aMichalski, Marian.$0(OLS)http://pul/name/92142 245 10$aAntologia literatury patrystycznej /$cks. Marian Michalski. 260 $aWarszawa :$bAkademia Teologii Katolickiej,$c1969. 300 $a2 v. ;$c24 cm 490 1 $aNakladem Akademii Teologii Katolickiej ukazaly sie nastepujace prace monograficzne i skripti 504 $aBibliografia in nota. 650 4$aPatristica$xRaccolte.$0(OLS)http://pul/subject/5840 830 0$aNakladem Akademii Teologii Katolickiej ukazaly sie nastepujace prace monograficzne i skripti.$0(OLS)http://pul/title/133614 850 $aPUL 852 $aPUL$W1$xDP2 Religione 1$y63$m526 A 3$j165490$av. 1, parte I$qStampati$B165755$CPULBib$Z2$F165755 $H31461 $82 852 $aPUL$W1$xDP2 Religione 1$y63$m526 A 4$j165491$av. 1, parte II$qStampati$B165756$CPULBib$Z2$F165756 $H31462 $82 941 1 $a8 996 $6245$aAntologia literatury patrystycznej$9(OLS)http://pul/title/181407 996 $6260$aWarszawa :$bAkademia Teologii Katolickiej$9(OLS)http://pul/publisher/48763